[Event "Titled Tuesday intern op 01st Sept"]
[Site "Chess.com INT"]
[Date "2020.09.01"]
[Round "3"]
[White "Ahmed, Jaza Jamal"]
[Black "Espinosa Veloz, Ermes"]
[Result "0-1"]
[WhiteElo "2242"]
[BlackElo "2485"]
[PlyCount "125"]
[EventDate "2020.09.01"]
[EventType "swiss (blitz)"]
[EventRounds "10"]
[EventCountry "USA"]
[SourceTitle "CBM 198 Extra"]
[Source "ChessBase"]
[SourceDate "2020.11.30"]
[SourceVersion "1"]
[SourceVersionDate "2020.11.30"]
[SourceQuality "1"]

1. e4 c6 2. d4 d5 3. exd5 cxd5 4. c4 Nf6 5. Nc3 g6 6. cxd5 Bg7 7. Bb5+ Nbd7 8. d6 exd6 9. Qe2+ Qe7 10. Qxe7+ Kxe7 11. Nge2 a6 12. Bd3 Nb6 13. h3 Be6 14. Bf4 Nfd5 15. Bg5+ f6 16. Bd2 Nb4 17. Bb1 Nc4 18. Bc1 Rhe8 19. a3 Nd5 20. Bd3 Rac8 21. Kd1 Kd7 22. Re1 f5 23. Rb1 b5 24. Nxd5 Bxd5 25. b3 Na5 26. b4 Nc4 27. Nf4 Rxe1+ 28. Kxe1 Bf7 29. Ne2 Nb6 30. Bd2 Bc4 31. Bxc4 Nxc4 32. Bc1 Re8 33. Kd1 Nb6 34. Rb3 Rc8 35. g4 Rc4 36. Rd3 Nd5 37. gxf5 gxf5 38. Ng3 Rxd4 39. Rxd4 Bxd4 40. Nxf5 Bxf2 41. Nh6 Bd4 42. Nf5 Be5 43. Kc2 Ke6 44. Nh4 Bf4 45. Bb2 Ne3+ 46. Kd3 Nc4 47. Bd4 Nxa3 48. Nf3 Nc4 49. Ne1 Be5 50. Bf2 d5 51. Ng2 Bd6 52. Be1 Ne5+ 53. Kc2 Nc6 54. Kb3 Kf5 55. Ne3+ Ke4 56. Ng4 Be5 57. h4 d4 58. h5 d3 59. Nf2+ Ke3 60. Ng4+ Ke2 61. Nxe5 Nxe5 62. Bc3 d2 63. h6 0-1

[Event "Titled Tuesday intern op 25th Aug"]
[Site "Chess.com INT"]
[Date "2020.08.25"]
[Round "3"]
[White "Garic, Radomir"]
[Black "Ahmed, Jaza Jamal"]
[Result "1-0"]
[WhiteElo "2244"]
[BlackElo "2242"]
[PlyCount "105"]
[EventDate "2020.08.25"]
[EventType "swiss (blitz)"]
[EventRounds "10"]
[EventCountry "USA"]
[SourceTitle "CBM 198 Extra"]
[Source "ChessBase"]
[SourceDate "2020.11.30"]
[SourceVersion "1"]
[SourceVersionDate "2020.11.30"]
[SourceQuality "1"]

1. e4 c5 2. Nf3 d6 3. Be2 Nf6 4. c3 Nc6 5. d4 cxd4 6. cxd4 Bg4 7. Nc3 g6 8. d5 Nb8 9. 0-0 Bg7 10. Bg5 Nbd7 11. Qd2 0-0 12. Bh6 Rc8 13. Bxg7 Kxg7 14. Rac1 a6 15. Rfe1 b5 16. Nd4 Bxe2 17. Nc6 Qe8 18. Rxe2 Nb8 19. Nd4 Nfd7 20. Qg5 Kh8 21. Rf1 e5 22. dxe6 fxe6 23. f4 b4 24. Nd1 Nc6 25. Nxc6 Rxc6 26. h3 Rc5 27. Qh4 Qd8 28. Qe1 a5 29. f5 exf5 30. exf5 Rcxf5 31. Rxf5 gxf5 32. Qd2 Ne5 33. Nf2 Qf6 34. Nd3 Nc4 35. Qf4 Nb6 36. Nf2 Nd5 37. Qd2 Ne7 38. Nd3 Ng6 39. Rf2 Qd4 40. Qe2 Kg7 41. Kh1 Rf7 42. Rf3 Re7 43. Qf1 f4 44. Nxf4 Qxb2 45. Nh5+ Kh6 46. Ng3 Qd2 47. Nf5+ Kg5 48. Nxe7 h5 49. Nxg6 Kxg6 50. Rf6+ Kg7 51. Rf7+ Kg6 52. Qf5+ Kh6 53. Rh7# 1-0

[Event "Titled Tuesday intern op 25th Aug"]
[Site "Chess.com INT"]
[Date "2020.08.25"]
[Round "5"]
[White "Skuhala, Barbara"]
[Black "Ahmed, Jaza Jamal"]
[Result "1/2-1/2"]
[WhiteElo "2089"]
[BlackElo "2242"]
[PlyCount "82"]
[EventDate "2020.08.25"]
[EventType "swiss (blitz)"]
[EventRounds "10"]
[EventCountry "USA"]
[SourceTitle "CBM 198 Extra"]
[Source "ChessBase"]
[SourceDate "2020.11.30"]
[SourceVersion "1"]
[SourceVersionDate "2020.11.30"]
[SourceQuality "1"]

1. e4 c5 2. Nf3 d6 3. d4 cxd4 4. Nxd4 Nf6 5. Nc3 a6 6. f3 e5 7. Nb3 Be7 8. Be3 Be6 9. Qd2 Nbd7 10. 0-0-0 b5 11. g4 0-0 12. h4 Nb6 13. g5 Nh5 14. Nd5 Nxd5 15. exd5 Bf5 16. Bd3 Bxd3 17. Qxd3 Qd7 18. Kb1 a5 19. Nd2 f5 20. gxf6 Nxf6 21. Ne4 Nxe4 22. fxe4 Rac8 23. Bg5 b4 24. Bxe7 Qxe7 25. h5 Rf4 26. h6 g6 27. Rde1 Rf2 28. Rc1 Qc7 29. Rhf1 Rcf8 30. Rxf2 Rxf2 31. Qa6 Rf4 32. b3 g5 33. Rg1 g4 34. Qe2 Qd7 35. Qa6 Qd8 36. Qb7 Rf7 37. Rxg4+ Kf8 38. Qb5 Rf6 39. Qb7 Rf7 40. Qb5 Rf6 41. Qb7 Rf7 1/2-1/2

[Event "World ol U16"]
[Site "Corum"]
[Date "2019.11.05"]
[Round "9.21"]
[White "Burbach, Brunel Baron"]
[Black "Ahmed, Jaza Jamal"]
[Result "0-1"]
[WhiteElo "1642"]
[BlackElo "2011"]
[PlyCount "82"]
[EventDate "2019.10.29"]
[EventType "team-swiss"]
[EventRounds "9"]
[EventCountry "TUR"]
[SourceTitle "CBM 192 Extra"]
[Source "Chessbase"]
[SourceDate "2019.11.06"]
[SourceVersion "1"]
[SourceVersionDate "2019.11.06"]
[SourceQuality "1"]
[WhiteTeam "Thailand II"]
[BlackTeam "Iraq"]
[WhiteTeamCountry "THA"]
[BlackTeamCountry "IRQ"]

1. e4 c5 2. Nf3 d6 3. Bb5+ Nd7 4. 0-0 Ngf6 5. Re1 a6 6. Bxd7+ Nxd7 7. c3 e5 8. d4 Be7 9. Be3 0-0 10. Nbd2 b5 11. h3 Bb7 12. a4 h6 13. Qe2 bxa4 14. Rxa4 Qc7 15. d5 Nb6 16. Ra3 f5 17. exf5 Nxd5 18. g4 Qc6 19. Kg2 a5 20. Rg1 Bf6 21. Kf1 Ba6 22. c4 Nf4 23. Bxf4 exf4 24. b3 Rfe8 25. Qd3 d5 26. g5 dxc4 27. bxc4 Rad8 28. gxf6 Rxd3 29. Rxg7+ Kf8 30. Rxd3 Qxf6 31. Rg6 Qxf5 32. Rdd6 Qxh3+ 33. Kg1 Bb7 34. Rxh6 Qg4+ 35. Kh2 Kg7 36. Rh4 Rh8 37. Rxh8 Kxh8 38. Rd8+ Kg7 39. Rd3 a4 40. Ra3 Bc6 41. Rd3 Qh5+ 0-1

[Event "World ol U16"]
[Site "Corum"]
[Date "2019.10.31"]
[Round "4.9"]
[White "Ahmed, Jaza Jamal"]
[Black "Cardoso Cardoso, Jose Gabriel"]
[Result "0-1"]
[WhiteElo "2011"]
[BlackElo "2313"]
[PlyCount "178"]
[EventDate "2019.10.29"]
[EventType "team-swiss"]
[EventRounds "9"]
[EventCountry "TUR"]
[SourceTitle "CBM 192 Extra"]
[Source "Chessbase"]
[SourceDate "2019.11.06"]
[SourceVersion "1"]
[SourceVersionDate "2019.11.06"]
[SourceQuality "1"]
[WhiteTeam "Iraq"]
[BlackTeam "Colombia"]
[WhiteTeamCountry "IRQ"]
[BlackTeamCountry "COL"]

1. e4 c5 2. Nc3 a6 3. Nge2 d6 4. d4 cxd4 5. Nxd4 Nf6 6. Bg5 Nbd7 7. f4 Qc7 8. Qf3 b5 9. Bd3 Bb7 10. a3 e6 11. 0-0-0 Be7 12. Rhe1 0-0 13. Qg3 Rfe8 14. e5 dxe5 15. fxe5 Nd5 16. Nxd5 Bxg5+ 17. Qxg5 Bxd5 18. Re3 h6 19. Qh5 Nc5 20. Rg3 Nxd3+ 21. Rdxd3 Be4 22. Rc3 Qb8 23. Qxh6 Qxe5 24. Qe3 Qd5 25. Nc6 Bg6 26. Qc5 Qxc5 27. Rxc5 Be4 28. Kd2 f6 29. Ke3 Bh7 30. c4 bxc4 31. Rxc4 e5 32. Ke2 Re6 33. Rgc3 Rd6 34. Rb4 Rd7 35. Nb8 Rd8 36. Nc6 Rd7 37. Nb8 Re7 38. Nc6 Re6 39. Ke3 f5 40. g3 Rf8 41. h4 f4+ 42. gxf4 exf4+ 43. Kf3 Re1 44. Rcc4 Re3+ 45. Kf2 Re6 46. Rb8 Rxb8 47. Nxb8 Rb6 48. Rc8+ Kf7 49. b4 Be4 50. Rc4 Bd5 51. Rxf4+ Ke7 52. Rf8 Be6 53. Rh8 Kd6 54. Re8 Kc7 55. Ke3 Bc8 56. Nxa6+ Rxa6 57. Re7+ Kd6 58. Rxg7 Ke5 59. Rg5+ Bf5 60. Rg8 Rxa3+ 61. Kd2 Rd3+ 62. Ke2 Rd4 63. b5 Rxh4 64. b6 Rb4 65. Rb8 Be4 66. Ke3 Rb3+ 67. Kd2 Kd4 68. Rd8+ Kc5 69. Rc8+ Kxb6 70. Rc3 Rb4 71. Ke3 Bc6 72. Rc1 Kc7 73. Rf1 Kd6 74. Rf4 Rb1 75. Rg4 Rb3+ 76. Kf4 Rf3+ 77. Kg5 Ke5 78. Kh6 Be4 79. Kg7 Rh3 80. Kg8 Bf5 81. Rg7 Be6+ 82. Kf8 Rh8+ 83. Ke7 Ra8 84. Rg5+ Bf5 85. Rg1 Ra7+ 86. Ke8 Kf6 87. Kd8 Rd7+ 88. Ke8 Rd2 89. Rc1 Bg6+ 0-1

[Event "World ol U16"]
[Site "Ahmedabad"]
[Date "2017.12.18"]
[Round "9.3"]
[White "Ahmed, Jaza Jamal"]
[Black "Rodrigue Lemieux, Shawn"]
[Result "1-0"]
[WhiteElo "2037"]
[BlackElo "2137"]
[PlyCount "77"]
[EventDate "2017.12.11"]
[EventType "team-swiss"]
[EventRounds "9"]
[EventCountry "IND"]
[SourceTitle "CBM 182 Extra"]
[Source "ChessBase"]
[SourceDate "2018.02.23"]
[SourceVersion "1"]
[SourceVersionDate "2018.02.23"]
[SourceQuality "1"]
[WhiteTeam "Iraq"]
[BlackTeam "Canada"]
[WhiteTeamCountry "IRQ"]
[BlackTeamCountry "CAN"]

1. e4 c6 2. d4 d5 3. e5 Bf5 4. h4 h5 5. c4 e6 6. Nc3 Nd7 7. cxd5 cxd5 8. Be2 Ne7 9. Bg5 Qa5 10. Nf3 Nc6 11. 0-0 f6 12. Bd2 Qd8 13. Bf4 a6 14. Bd3 Bxd3 15. Qxd3 Kf7 16. Rae1 Be7 17. exf6 gxf6 18. Rxe6 Kxe6 19. Qg6 Nf8 20. Re1+ Kd7 21. Qf5+ Ke8 22. Qxf6 Rg8 23. Ng5 Rg6 24. Qf7+ Kd7 25. Qf5+ Ke8 26. Nxd5 Rd6 27. Qf7+ Kd7 28. Bxd6 Kxd6 29. Qf5 Bxg5 30. hxg5 Qd7 31. Qe4 Qh7 32. Qf3 Qg6 33. Qa3+ Kd7 34. Nb6+ Kc7 35. Nxa8+ Kb8 36. Qxf8+ Ka7 37. Re8 b6 38. Rc8 a5 39. Qf6 1-0

[Event "Khomeyn Aftab Cup 1st"]
[Site "Khomeyn"]
[Date "2017.09.02"]
[Round "7"]
[White "Ahmed, Jaza Jamal"]
[Black "Hakemi, Arman"]
[Result "1/2-1/2"]
[WhiteElo "2087"]
[BlackElo "2299"]
[PlyCount "124"]
[EventDate "2017.08.29"]
[EventType "swiss"]
[EventRounds "9"]
[EventCountry "IRI"]
[SourceTitle "CBM 180 Extra"]
[Source "ChessBase"]
[SourceDate "2017.10.06"]
[SourceVersion "1"]
[SourceVersionDate "2017.10.06"]
[SourceQuality "1"]

1. e4 a6 2. d4 e6 3. Bd3 c5 4. Nf3 d6 5. c4 Nf6 6. Nc3 cxd4 7. Nxd4 g6 8. 0-0 Bg7 9. Be3 Nbd7 10. f4 0-0 11. Qe2 Qc7 12. b4 b6 13. Rac1 Bb7 14. Nb3 Rac8 15. g4 Rfe8 16. h3 Qb8 17. Bf2 h5 18. Bg3 hxg4 19. hxg4 Qa8 20. Rcd1 b5 21. e5 Nh7 22. Na5 bxc4 23. Nxc4 d5 24. Nd6 Rxc3 25. Nxe8 Qxe8 26. Be1 Rc6 27. b5 axb5 28. Bxb5 Rc8 29. a4 Qd8 30. Bf2 g5 31. Bg3 Nc5 32. Bd3 Nxa4 33. Qh2 Nf8 34. f5 Qb6+ 35. Bf2 Qb4 36. Qh5 Nb2 37. f6 Nxd3 38. fxg7 Ng6 39. Rxd3 Rc4 40. Rh3 Kxg7 41. Bd4 Rc7 42. Bc3 Qe4 43. Qxg5 d4 44. Qh6+ Kg8 45. Qh7+ Kf8 46. Bb4+ Ke8 47. Qg8+ Kd7 48. Rxf7+ Kc6 49. Rxc7+ Kxc7 50. Bd6+ Kb6 51. Qd8+ Kb5 52. Qe8+ Qc6 53. Rb3+ Kc4 54. Qxe6+ Qd5 55. Rb4+ Kc3 56. Qxd5 Bxd5 57. Rb5 Be6 58. Rb6 Nf4 59. Bc5 Bxg4 60. Rb4 Ne6 61. Rxd4 Nxd4 62. Bxd4+ Kxd4 1/2-1/2

[Event "IRQ-ch"]
[Site "Baghdad"]
[Date "2017.08.12"]
[Round "4"]
[White "Ahmed, Ali Layth Ahmed"]
[Black "Ahmed, Jaza Jamal"]
[Result "1-0"]
[WhiteElo "2261"]
[BlackElo "2087"]
[PlyCount "58"]
[EventDate "2017.08.10"]
[EventType "swiss"]
[EventRounds "11"]
[EventCountry "IRQ"]
[SourceTitle "CBM 180 Extra"]
[Source "ChessBase"]
[SourceDate "2017.10.06"]
[SourceVersion "1"]
[SourceVersionDate "2017.10.06"]
[SourceQuality "1"]

1. d4 Nf6 2. c4 g6 3. Nc3 d5 4. cxd5 Nxd5 5. e4 Nxc3 6. bxc3 Bg7 7. Be3 c5 8. Qd2 Qa5 9. Rc1 0-0 10. Nf3 Bg4 11. d5 Nd7 12. Ng5 Nb6 13. h3 Bd7 14. Nf3 Na4 15. e5 e6 16. d6 Bc6 17. Bf4 b5 18. Be2 Nb6 19. 0-0 Nd7 20. Rfe1 f6 21. exf6 Bxf6 22. Bh6 Bg7 23. Bxg7 Kxg7 24. Ng5 Rae8 25. Bg4 Rf6 26. Nxe6+ Kh8 27. Qh6 Rg8 28. Ng5 Nf8 29. Re7 Qd8 1-0

[Event "Asia-chT Cup U14"]
[Site "Jiaxing"]
[Date "2016.11.10"]
[Round "7.18"]
[White "Chinguun, Sumiya"]
[Black "Ahmed, Jaza Jamal"]
[Result "1-0"]
[WhiteElo "2054"]
[BlackElo "1948"]
[PlyCount "63"]
[EventDate "2016.11.06"]
[EventType "swiss"]
[EventRounds "9"]
[EventCountry "CHN"]
[SourceTitle "EXT 2021"]
[Source "ChessBase"]
[SourceDate "2020.10.23"]
[SourceVersion "1"]
[SourceVersionDate "2020.10.23"]
[SourceQuality "1"]

1. e4 c5 2. Nf3 d6 3. d4 cxd4 4. Nxd4 Nf6 5. Nc3 a6 6. f4 Qc7 7. Be2 Nbd7 8. Bf3 e5 9. Nb3 Nb6 10. 0-0 Be6 11. f5 Bxb3 12. axb3 Be7 13. Be3 Rc8 14. Kh1 0-0 15. Qe1 Rfd8 16. Qf2 Nfd7 17. Rfd1 Bf8 18. f6 g6 19. Bg4 Qc6 20. Qh4 Kh8 21. Rd3 Nc5 22. Bxc5 dxc5 23. Bxc8 Rxc8 24. Nd5 c4 25. bxc4 Nxc4 26. Ne7 Bxe7 27. fxe7 Kg7 28. Rd8 Nd6 29. Rd1 Ne8 30. Qg3 Kf6 31. Qc3 Kxe7 32. Rxc8 1-0